Psychological studies. (Record no. 88336)
[ view plain ]
| 000 -LEADER | |
|---|---|
| fixed length control field | 02032cas a2200565 a 4500 |
| 001 - CONTROL NUMBER | |
| control field | 11269972 |
| 005 - DATE AND TIME OF LATEST TRANSACTION | |
| control field | 20140905122255.0 |
| 007 - PHYSICAL DESCRIPTION FIXED FIELD--GENERAL INFORMATION | |
| fixed length control field | t| |
| 008 - FIXED-LENGTH DATA ELEMENTS--GENERAL INFORMATION | |
| fixed length control field | 770318c19569999ii qr p 0 a0eng c |
| 010 ## - LIBRARY OF CONGRESS CONTROL NUMBER | |
| LC control number | 83054911 |
| Canceled/invalid LC control number | 89646709 |
| 016 7# - NATIONAL BIBLIOGRAPHIC AGENCY CONTROL NUMBER | |
| Record control number | 011152907 |
| Source | DE-101 |
| 016 7# - NATIONAL BIBLIOGRAPHIC AGENCY CONTROL NUMBER | |
| Record control number | 202388-X |
| Source | DE-600 |
| 016 7# - NATIONAL BIBLIOGRAPHIC AGENCY CONTROL NUMBER | |
| Record control number | 0064145 |
| Source | DNLM |
| 016 7# - NATIONAL BIBLIOGRAPHIC AGENCY CONTROL NUMBER | |
| Record control number | P54900000 |
| Source | DNLM |
| 022 0# - INTERNATIONAL STANDARD SERIAL NUMBER | |
| International Standard Serial Number | 0033-2968 |
| Source | 20 |
| 022 0# - INTERNATIONAL STANDARD SERIAL NUMBER | |
| International Standard Serial Number | 0974-9861 (Electronic) |
| 025 ## - OVERSEAS ACQUISITION NUMBER | |
| Overseas acquisition number | I-E-E-1176 |
| 035 ## - SYSTEM CONTROL NUMBER | |
| System control number | (OCoLC)ocm02813919 |
| 040 ## - CATALOGING SOURCE | |
| Original cataloging agency | CtY |
| Language of cataloging | eng |
| Transcribing agency | CtY |
| Modifying agency | MnMULS |
| -- | OCoLC |
| -- | AIP |
| -- | DLC |
| -- | NSDP |
| -- | ICRL |
| -- | NST |
| -- | InU |
| -- | DNLM |
| -- | OCoLC |
| -- | GU |
| -- | CU-S |
| -- | WaU |
| -- | OCoLC |
| -- | DEBBG |
| -- | GWDNB |
| -- | OCoLC |
| 042 ## - AUTHENTICATION CODE | |
| Authentication code | pcc |
| -- | nsdp |
| 050 00 - LIBRARY OF CONGRESS CALL NUMBER | |
| Classification number | BF1 |
| Item number | .P817 |
| 060 00 - NATIONAL LIBRARY OF MEDICINE CALL NUMBER | |
| Classification number | W1 |
| Item number | PS645 |
| 130 0# - MAIN ENTRY--UNIFORM TITLE | |
| Uniform title | Psychological studies (Mysore, India) |
| 210 0# - ABBREVIATED TITLE | |
| Abbreviated title | Psychol. stud. |
| 222 #0 - KEY TITLE | |
| Key title | Psychological studies |
| 245 10 - TITLE STATEMENT | |
| Title | Psychological studies. |
| 246 13 - VARYING FORM OF TITLE | |
| Title proper/short title | PS |
| 260 ## - PUBLICATION, DISTRIBUTION, ETC. (IMPRINT) | |
| Place of publication, distribution, etc | New Delhi : |
| Name of publisher, distributor, etc | Springer India |
| 300 ## - PHYSICAL DESCRIPTION | |
| Extent | volumes ; |
| Dimensions | 25 cm |
| 310 ## - CURRENT PUBLICATION FREQUENCY | |
| Current publication frequency | Quarterly, |
| Date of current publication frequency | Apr./Jul. 2004- |
| 321 ## - FORMER PUBLICATION FREQUENCY | |
| Former publication frequency | Semiannual, |
| -- | <1966>-1987 |
| 321 ## - FORMER PUBLICATION FREQUENCY | |
| Former publication frequency | Three times a year, |
| -- | 1988-<2003> |
| 362 1# - DATES OF PUBLICATION AND/OR SEQUENTIAL DESIGNATION | |
| Dates of publication and/or sequential designation | Began with v. 1 in 1956. |
| 500 ## - GENERAL NOTE | |
| General note | Imprint varies. |
| 515 ## - NUMBERING PECULIARITIES NOTE | |
| Numbering peculiarities note | Some nos. issued in combined form. |
| 525 ## - SUPPLEMENT NOTE | |
| Supplement note | Has occasional special issues. |
| 550 ## - ISSUING BODY NOTE | |
| Issuing body note | Issued 1956- by Dept. of Psychology, Mysore University; <July 1978-> University of Calicut; <2004-> by the National Academy of Psychology (India). |
| 590 ## - LOCAL NOTE (RLIN) | |
| Local note | SERBIB/SERLOC merged record |
| 650 #0 - SUBJECT ADDED ENTRY--TOPICAL TERM | |
| Topical term or geographic name as entry element | Psychology |
| Form subdivision | Periodicals. |
| 650 #2 - SUBJECT ADDED ENTRY--TOPICAL TERM | |
| Topical term or geographic name as entry element | Psychology |
| Form subdivision | Periodicals. |
| 710 2# - ADDED ENTRY--CORPORATE NAME | |
| Corporate name or jurisdiction name as entry element | University of Mysore. |
| Subordinate unit | Department of Psychology. |
| 710 2# - ADDED ENTRY--CORPORATE NAME | |
| Corporate name or jurisdiction name as entry element | University of Calicut. |
| 710 2# - ADDED ENTRY--CORPORATE NAME | |
| Corporate name or jurisdiction name as entry element | National Academy of Psychology (India) |
| 776 08 - ADDITIONAL PHYSICAL FORM ENTRY | |
| Display text | Online version: |
| Title | Psychological studies (Mysore, India) |
| Record control number | (OCoLC)297290430 |
| 776 08 - ADDITIONAL PHYSICAL FORM ENTRY | |
| Display text | Online version: |
| Title | Psychological studies (Mysore, India) |
| Record control number | (OCoLC)564661267 |
| 856 ## - ELECTRONIC LOCATION AND ACCESS | |
| Uniform Resource Identifier | <a href="www.springer.com/12646">www.springer.com/12646</a> |
| 906 ## - LOCAL DATA ELEMENT F, LDF (RLIN) | |
| a | 7 |
| b | cbc |
| c | serials |
| d | 3 |
| e | ncip |
| f | 19 |
| g | n-oclcserc |
| 942 ## - ADDED ENTRY ELEMENTS (KOHA) | |
| Source of classification or shelving scheme | Dewey Decimal Classification |
| Item type | Periodicals |
| Serial record | 1 |
| Withdrawn status | Lost status | Source of classification or shelving scheme | Damaged status | Not for loan | Collection code | Home library | Current library | Date acquired | Total Checkouts | Date last seen | Price effective from | Koha item type |
|---|---|---|---|---|---|---|---|---|---|---|---|---|
| Dewey Decimal Classification | Not For Loan | Non-fiction | D.B.Act.Division | D.B.Act.Division | 05/09/2014 | 05/09/2014 | 05/09/2014 | Periodicals |
